1152 1641 1951 1239 1814 1841 1588 1311 1436 1274 1978 1599 1515 1024 1612 1938 1435 1774 1264 1538 1879 1125 1928 1144 1384 1232 1469 1950 1471 1020 1459 1849 1537 1281 1635 1880 1198 1981 1442 1489 1543 1188 1552 1997 1111 1106 1976 1466 1577 1314 1566 1725 1199 1890 1830 1467 1098 1385 1794 1674 1398 1476 1735 1887 1690 1523 1395 1019 1954 1235 1286 1156 1358 1035 1923 1056 1489 1695 1475 1535 1782 1421 1305 1771 1349 1042 1708 1021 1739 1217 1765 1982 1807 1477 1257 1447 1069 1216 1308 BCNSPRNW ULIB Ver.6.0+V

เปลี่ยนเป็นภาษาไทย

Change to English
 แสดงรายละเอียดบรรณานุกรม
  กลับหน้าหลัก

Brief Record : Get Marc (ISO 2709) : E-mail record : QR code < ปิดหน้าต่าง
LEADER : 00000nam 2200000uu 4500
001    13399122415
003     ULIB
008    020711s2551 th a 000 0 tha d
020    9789742556815
090    นว.^bพ541ว
100    พัดชา
245    วิวาห์ปลูกรัก/^cพัดชา
250    พิมพ์ครั้งที่ 1
260    กรุงเทพฯ :^bศิลปาบรรณาคาร,^c2551
300    597 หน้า
945    ^p320^l0^i028015
999    ^aทศพร เกษรทอง
รายการนี้ยังไม่มีแท็ก
คุณยังไม่ได้ล็อกอิน คุณสามารถมีกิจกรรมร่วมกับเว็บไซต์ได้ แต่ต้องล็อกอินก่อน ::
  ล็อกอิน

รายการสื่อสารสนเทศ

ลำดับที่ ประเภท เลขเรียก/บาร์โค้ด สถานที่ สถานะ
1. นวนิยาย
นวนิยาย
นว. พ541ว ฉ.1 
  Barcode: 028015
ห้องสมุดวิทยาเขตสวรรค์ประชารักษ์
►นวนิยาย
บนชั้น
  ขอยืม

รายการใกล้เคียง
    ผู้แต่ง [พัดชา]

BibComment


ยังไม่เคยถูกคอมเมนท์

คอมเมนท์ทรัพยากรรายการนี้
  คอมเมนท์: วิวาห์ปลูกรัก พัดชา


 Copyright 2026. Bcnsprnw @Library